Logo CIB grande

Productivity in tourism: Fundamentals amd concepts for archieving growth and competitiveness (Registro nro. 227041)

Detalles MARC
000 -LEADER
campo de control de longitud fija 00709nam a2200241Ia 4500
005 - FECHA Y HORA DE LA ÚLTIMA TRANSACCIÓN
campo de control 20250425162330.0
008 - DATOS DE LONGITUD FIJA--INFORMACIÓN GENERAL
campo de control de longitud fija 250425s9999 xx 000 0 und d
020 ## - NÚMERO INTERNACIONAL ESTÁNDAR DEL LIBRO
Número Internacional Estándar del Libro 9783503103430
041 ## - CÓDIGO DE IDIOMA
Código de lengua del texto/banda sonora o título independiente eng
082 ## - NÚMERO DE LA CLASIFICACIÓN DECIMAL DEWEY
Número de clasificación 338.4791
Iniciales del Autor KEL
010 ## - NÚMERO DE CONTROL DE LA BIBLIOTECA DEL CONGRESO
Número de control de LC 62984
100 ## - ENTRADA PRINCIPAL--NOMBRE DE PERSONA
Nombre de persona Keller, Peter
245 #0 - MENCIÓN DEL TÍTULO
Título Productivity in tourism: Fundamentals amd concepts for archieving growth and competitiveness
Mención de responsabilidad, etc. Peter, Keller
250 ## - MENCION DE EDICION
Mención de edición S.E.
260 ## - PUBLICACIÓN, DISTRIBUCIÓN, ETC.
Lugar de publicación, distribución, etc. Alemania
Nombre del editor, distribuidor, etc. Erich Schmidt Verlag
Fecha de publicación, distribución, etc. 2007
300 ## - DESCRIPCIÓN FÍSICA
Extensión 252 página
Otras características físicas ilustración
Dimensiones 24 cm
504 ## - NOTA DE BIBLIOGRAFÍA, ETC.
Nota de bibliografía, etc. Nota bibliografía
650 ## - PUNTO DE ACCESO ADICIONAL DE MATERIA--TÉRMINO DE MATERIA
Término de materia o nombre geográfico como elemento de entrada Examen empírico
650 ## - PUNTO DE ACCESO ADICIONAL DE MATERIA--TÉRMINO DE MATERIA
Término de materia o nombre geográfico como elemento de entrada Productividad y turismo
700 ## - ENTRADA AGREGADA--NOMBRE PERSONAL
Nombre de persona Thomas, Bieger
902 ## - ELEMENTOS DE DATOS B LOCAL, LDB (RLIN)
a Monográfico
c Impreso
942 ## - ELEMENTOS DE ENTRADA SECUNDARIOS (KOHA)
Tipo de ítem Koha Libros
Existencias
Estatus retirado Estado de pérdida Estado de daño No para préstamo Biblioteca de origen Biblioteca actual Fecha de adquisición Coste, precio normal de compra Etiqueta RFID Total de préstamos Código de barras Copia número Tipo de ítem Koha Nota pública
        CENTRO DE INFORMACIÓN BIBLIOTECARIA CENTRO DE INFORMACIÓN BIBLIOTECARIA 26/11/2007 35.00 0000000000000000036840   60977 1 Libros ESPOL.FIMCB

Copyright 2025 ESPOL. Todos los derechos reservados.